Palabras del Presidente de la Generalitat de Catalunya en Castilla y León / Jordi Pujol
Publicado:
Barcelona :
Generalitat de Catalunya. Servei Central de Publicacions de la Presidència ,
1982
Descripción Física:
49 p. ; 22 cm
Colección:
Paraules del President de la Generalitat ; 2
Materias:
Pujol, Jordi -- Discursos
MARC
| LEADER | 00000nam a2200000Ia 4500 | ||
|---|---|---|---|
| 001 | 1453 | ||
| 008 | 160829s1982 xx 000 0 cat d | ||
| 080 | |a M-2-177 | ||
| 110 | 1 | |9 54008 |a Catalunya. |b President (1980-2003 : Pujol) | |
| 245 | |a Palabras del Presidente de la Generalitat de Catalunya en Castilla y León / Jordi Pujol | ||
| 260 | |a Barcelona : |b Generalitat de Catalunya. Servei Central de Publicacions de la Presidència, |c 1982 | ||
| 300 | |a 49 p. ; |c 22 cm | ||
| 490 | |a Paraules del President de la Generalitat ; 2 | ||
| 650 | |a Pujol, Jordi |x Discursos |9 31652 | ||
| 901 | |a Arxiu | ||
| 942 | |n 1 |2 udc | ||
| 952 | |0 0 |1 0 |4 0 |6 M2177 |7 1 |9 43557 |a Arxiu |b Arxiu |d 2016-12-01 |l 0 |o M-2-177 |p 1453 |r 2016-12-01 00:00:00 |w 2016-12-01 |y ARXIU | ||
| 999 | |c 46103 |d 46103 | ||